| 000 | 01554nam a22003854i 4500 | ||
|---|---|---|---|
| 999 |
_c63686 _d63686 |
||
| 001 | 768714001 | ||
| 003 | CO-MdFUSB | ||
| 005 | 20200414163823.0 | ||
| 007 | cr cn||||||||| | ||
| 008 | 130717t2013 sp gsb 000 0 spa d | ||
| 020 |
_a9788499454801 _qelectrónico |
||
| 040 |
_aCO-MdFUSBC _bspa. _cCO-MdFUSB _dCO-MdFUSBC _erda |
||
| 041 | _aspa | ||
| 082 | 0 | 4 |
_a225.08 _223 |
| 100 | 1 |
_aNavarro Puerto, Mercedes. _eautor |
|
| 245 | 1 | 0 |
_aMarcos _c/ Mercedes Navarro Puerto. _h[recurso electrónico] |
| 264 | 1 |
_aEspaña : _bVerbo Divino, _c[2013] |
|
| 264 | 4 | _c© 2013 | |
| 300 |
_arecurso en línea (612páginas) _c; |
||
| 336 |
_2rdacontent _atexto _btxt |
||
| 337 |
_2rdamedia _ainformático _bc |
||
| 338 |
_2rdacarrier _aremoto _bcr |
||
| 347 |
_2rda _afichero de texto _bHtml |
||
| 490 | _aGuías de lectura del nuevo testamento | ||
| 504 | _aIncluye bibliografía | ||
| 505 | _aPRIMERA PARTE: Marcos 1,16-8,26. PRIMERA SECCIÓN: Mc 1,16-4,1. -- SEGUNDA SECCIÓN: Mc 4,2-8,26-- SEGUNDA PARTE: Mc 8,27-16,8 TERCERA SECCIÓN: Mc 8,27-10,52. -- CUARTA SECCIÓN: Mc 11,1-13,37. QUINTA SECCIÓN: Mc 14,1-16,8. -- CONCLUSIÓN: COMENZAR TERMINANDO | ||
| 516 | _aTexto electrónico | ||
| 538 | _aAcceso a Internet; requiere usuario y clave asignada por la biblioteca | ||
| 630 | 0 | 7 |
_aBiblia. _pMarcos |
| 650 | 4 | _aReligión. | |
| 856 | 4 | 0 |
_uhttp://site.ebrary.com/lib/unisbcsp/Doc?id=10721718 _b10721718 _zAbrir Versión electrónica del libro Marcos |
| 942 | _cBK | ||
| 945 | _aJTF-925 | ||